Anatomía veterinaria /

Guardado en:
Autor Principal: Dyce, K. M.
Otros Autores: Sack, W. O., Wensing, C. J. G.
Formato: Libro
Publicado: Buenos Aires : Panamericana, 1991
Materias:
Etiquetas: Agregar Etiqueta
Sin Etiquetas, Sea el primero en etiquetar este registro!
LEADER 02051nam a22002655a 4500
001 CEM.cems016813
005 20020925142127.0
008 130507s1991##################000#0#####d
003 CEMS
020 |a 9500605406 
082 0 4 |a 636.0891 
100 1 |a Dyce, K. M. 
245 1 0 |a Anatomía veterinaria /  |c K. M. Dyce, W. O. Sack y C. J. G. Wensing 
260 |a Buenos Aires :  |b Panamericana,  |c 1991 
300 |a 845 p. 
505 0 |a Algunos hechos y conceptos básicos -- Aparato locomotor -- Aparato digestivo -- Aparato respiratorio -- Aparato urogenital -- Glándulas endocrinas -- Sistema cardiovascular -- Sistema nervioso -- Órganos de los sentidos -- Tegumento común -- Cabeza y cuello ventral de los carnívoros -- Cuello, espalda y columna vertebral de los carnívoros -- Tórax de los carnívoros -- Abdomen de los carnívoros -- Pelvis y órganos reproductores de los carnívoros -- Miembro torácico de los carnívoros -- Miembro pelviano de los carnívoros -- Cabeza y cuello ventral del caballo -- Cuello, espalda y columna vertebral del caballo -- Pelvis y órganos reproductores del caballo -- Miembro torácico del caballo -- Miembro pelviano del caballo -- Cabeza y cuello ventral de los rumiantes -- Cuello, dorso y colas de los rumiantes -- Tórax de los rumiantes -- Abdomen de los rumiantes -- Pelvis y órganos reproductores femeninos de los rumiantes -- Pelvis y órganos reproductores masculinos de los rumiantes -- Ubre de los rumiantes -- Miembro torácico de los rumiantes -- Miembro pélvico de los rumiantes -- Cabeza y cuello del cerdo -- Columna vertebral, dorso y tórax del cerdo -- Abdomen del cerdo -- Pelvis y órganos reproductores del cerdo -- Miembros del cerdo -- Anatomía aviaria 
653 |a Anatomía veterinaria 
653 |a Equinos-anatomía 
653 |a Cerdo-anatomía 
653 |a Rumiantes-anatomía 
653 |a Carnívoros-anatomía 
653 |a Anatomía aviaria 
700 1 |a Sack, W. O. 
700 1 |a Wensing, C. J. G. 
859 |a CEMS  |b BIB. CEMS - Agricultura  |h 636.0891  |i D987  |p A16912.93  |t Ej.1